LIBRARY & INFORMATION CENTRE, KCAET, TAVANUR

ONLINE PUBLIC ACCESS CATALOGUE (OPAC)

Laboratory manual on design principles of irrigation systems (Record no. 12923)

MARC details
000 -LEADER
fixed length control field 00434cam a2200181ua 4500
041 ## - LANGUAGE CODE
Language code of text/sound track or separate title eng
100 ## - MAIN ENTRY--AUTHOR NAME
Personal name Mahesh, Kothari .
245 00 - TITLE STATEMENT
Title Laboratory manual on design principles of irrigation systems
260 ## - PUBLICATION, DISTRIBUTION, ETC. (IMPRINT)
Place of publication Jaipur :
Name of publisher Dept.SWC ,
Year of publication 2004.
300 ## - PHYSICAL DESCRIPTION
Number of Pages ; .
700 1# - ADDED ENTRY--PERSONAL NAME
Personal name Rajvir, singh .
942 ## - ADDED ENTRY ELEMENTS (KOHA)
Koha item type Books
Holdings
Withdrawn status Lost status Damaged status Home library Current library Shelving location Date acquired Full call number Accession Number Koha item type
      KAUAET     07/04/2012   21050 Books
      KAUAET KAUAET Reference 07/04/2012 333.9 KOT/LA 21049 Books
      KAUAET KAUAET   07/04/2012   21051 Books
      KAUAET KAUAET   07/04/2012   21052 Books
free website counter